Radar systems analysis and desing unsing matlab (Record no. 567076)
[ view plain ]
| 000 -LEADER | |
|---|---|
| fixed length control field | 00852nam a22001937a 4500 |
| 003 - CONTROL NUMBER IDENTIFIER | |
| control field | CEME |
| 005 - DATE AND TIME OF LATEST TRANSACTION | |
| control field | 20210628201748.0 |
| 008 - FIXED-LENGTH DATA ELEMENTS--GENERAL INFORMATION | |
| fixed length control field | 210204b xxu||||| |||| 00| 0 eng d |
| 020 ## - INTERNATIONAL STANDARD BOOK NUMBER | |
| International Standard Book Number | 1-58488-532-7 |
| 040 ## - CATALOGING SOURCE | |
| Transcribing agency | . |
| 082 ## - DEWEY DECIMAL CLASSIFICATION NUMBER | |
| Classification number | 621.3848 MAH |
| 100 ## - MAIN ENTRY--PERSONAL NAME | |
| Personal name | Mahafza, Bassem.R |
| 9 (RLIN) | 56714 |
| 245 ## - TITLE STATEMENT | |
| Title | Radar systems analysis and desing unsing matlab |
| 250 ## - EDITION STATEMENT | |
| Edition statement | 2ND |
| 260 ## - PUBLICATION, DISTRIBUTION, ETC. | |
| Place of publication, distribution, etc. | NEW YORK |
| Name of publisher, distributor, etc. | CHAMPMAN & HALL |
| Date of publication, distribution, etc. | 2005 |
| 300 ## - PHYSICAL DESCRIPTION | |
| Extent | 638P |
| 650 ## - SUBJECT ADDED ENTRY--TOPICAL TERM | |
| Topical term or geographic name entry element | RADAR, SYSTEM ANALYSIS-DATA PROCESSING , MATLAB.RADAR FUNDAMENTALS.SIGNAL PROCESSING.WAVE AND PULSED RADARS.RADAR DETECTION.RADAR WAVEFORMS.MATCHED FILTER AND RADAR AMBIGUITY FUNCTION.PULSE COMPRESSION.RADAR WAVE PROPAGATION.CLUTTER AND MOVING TARGET INDICATOR.MTI.RADAR ANTENNAS.TARGET TRACKING.SYNTHETIC APERTURE RADAR.RADAR CROSS SECTION.RCS.MATLAB PROGRAM AND FUNCTION NAME |
| 9 (RLIN) | 56715 |
| 942 ## - ADDED ENTRY ELEMENTS (KOHA) | |
| Koha item type | Book |
| Source of classification or shelving scheme | |
| Withdrawn status | Lost status | Damaged status | Not for loan | Permanent Location | Current Location | Shelving location | Date acquired | Total Checkouts | Full call number | Barcode | Date last seen | Price effective from | Koha item type |
|---|---|---|---|---|---|---|---|---|---|---|---|---|---|
| College of Electrical & Mechanical Engineering (CEME) | College of Electrical & Mechanical Engineering (CEME) | General Stacks | 07/12/2017 | 621.3848 MAH | CEME-40587 | 06/28/2021 | 06/28/2021 | Book |
